LIBRARY & INFORMATION CENTRE, KCAET, TAVANUR

ONLINE PUBLIC ACCESS CATALOGUE (OPAC)

Chorapookkal / (Record no. 11522)

MARC details
000 -LEADER
fixed length control field 00387cam a2200157ua 4500
041 ## - LANGUAGE CODE
Language code of text/sound track or separate title mal
082 ## - DEWEY DECIMAL CLASSIFICATION NUMBER
Classification number 894.812301
Item number POT/CH
100 ## - MAIN ENTRY--AUTHOR NAME
Personal name Pottakkadu, D M .
245 ## - TITLE STATEMENT
Title Chorapookkal /
250 ## - EDITION STATEMENT
Edition statement 2 /
260 ## - PUBLICATION, DISTRIBUTION, ETC. (IMPRINT)
Place of publication Thiruvalla :
Name of publisher Southern book stall ,
Year of publication 1959.
300 ## - PHYSICAL DESCRIPTION
Number of Pages 100 ; .
942 ## - ADDED ENTRY ELEMENTS (KOHA)
Koha item type Books
Holdings
Withdrawn status Lost status Damaged status Home library Current library Date acquired Full call number Accession Number Koha item type
      KAUAET KAUAET 07/04/2012 894.812301 1397 Books
free website counter